<?xml version="1.0" encoding="UTF-8"?>
<record
    xmlns:xsi="http://www.w3.org/2001/XMLSchema-instance"
    xsi:schemaLocation="http://www.loc.gov/MARC21/slim http://www.loc.gov/standards/marcxml/schema/MARC21slim.xsd"
    xmlns="http://www.loc.gov/MARC21/slim">

  <leader>01328nam a2200253 a 4500</leader>
  <controlfield tag="001">000024055</controlfield>
  <controlfield tag="005">20200930022659.0</controlfield>
  <controlfield tag="008">110118s2001    sp a    r     000 | spa d</controlfield>
  <datafield tag="020" ind1=" " ind2=" ">
    <subfield code="a">8474328551</subfield>
  </datafield>
  <datafield tag="040" ind1=" " ind2=" ">
    <subfield code="a">DO-SdBNP</subfield>
    <subfield code="b">spa</subfield>
    <subfield code="c">BNPHU</subfield>
  </datafield>
  <datafield tag="082" ind1=" " ind2=" ">
    <subfield code="a">xxxx</subfield>
    <subfield code="b">O14e</subfield>
  </datafield>
  <datafield tag="245" ind1="1" ind2="4">
    <subfield code="a">Los obst&#xE1;culos epistemol&#xF3;gicos en la ense&#xF1;anza /</subfield>
    <subfield code="c">compiladora de Alicia R.W. de Camilloni ; traducci&#xF3;n de Alcira Bixio.</subfield>
  </datafield>
  <datafield tag="260" ind1=" " ind2=" ">
    <subfield code="a">Barcelona :</subfield>
    <subfield code="b">Gedisa,</subfield>
    <subfield code="c">2001.</subfield>
  </datafield>
  <datafield tag="300" ind1=" " ind2=" ">
    <subfield code="a">223 p. :</subfield>
    <subfield code="b">il. ;</subfield>
    <subfield code="c">23 cm.</subfield>
  </datafield>
  <datafield tag="490" ind1=" " ind2=" ">
    <subfield code="a">Biblioteca de Educaci&#xF3;n</subfield>
    <subfield code="v">10</subfield>
  </datafield>
  <datafield tag="490" ind1=" " ind2=" ">
    <subfield code="a">Did&#xE1;ctica General</subfield>
    <subfield code="v">10</subfield>
  </datafield>
  <datafield tag="500" ind1=" " ind2=" ">
    <subfield code="a">Selecci&#xF3;n de art&#xED;culos publicados en los n&#xFA;meros 24 y 25 de la revista ASTER</subfield>
  </datafield>
  <datafield tag="500" ind1=" " ind2=" ">
    <subfield code="a">Incluye notas al pie de p&#xE1;ginas</subfield>
  </datafield>
  <datafield tag="505" ind1="0" ind2=" ">
    <subfield code="t">Trabajar los obst&#xE1;culos para asimilar los conocimientos cient&#xED;ficos /</subfield>
    <subfield code="r">Guy Rumelhard</subfield>
    <subfield code="a">Construcci&#xF3;n de problemas y superaci&#xF3;n de obst&#xE1;culos /</subfield>
    <subfield code="r">Michel Fabre y Christian Orange</subfield>
    <subfield code="t">- Empleo de objetos museol&#xF3;gicos para tratar los obst&#xE1;culos en la esfera de las ciencias y la t&#xE9;cnica /</subfield>
    <subfield code="r">Jack Guichard y Fran&#xE7;oise Guichard</subfield>
    <subfield code="t">Identificaci&#xF3;n de los obst&#xE1;culos por parte de los alumnos /</subfield>
    <subfield code="r">Brigitte Peterfalvi.</subfield>
  </datafield>
  <datafield tag="700" ind1="1" ind2=" ">
    <subfield code="a">Camilloni, Alicia R.W. de,</subfield>
    <subfield code="b">comp.</subfield>
    <subfield code="9">49428</subfield>
  </datafield>
  <datafield tag="700" ind1="1" ind2=" ">
    <subfield code="a">Bixio, Alcira,</subfield>
    <subfield code="e">tr.</subfield>
    <subfield code="9">49429</subfield>
  </datafield>
  <datafield tag="830" ind1=" " ind2="0">
    <subfield code="a">Biblioteca de Educaci&#xF3;n,</subfield>
    <subfield code="n">10</subfield>
    <subfield code="9">49430</subfield>
  </datafield>
  <datafield tag="830" ind1=" " ind2="0">
    <subfield code="a">Did&#xE1;ctica General,</subfield>
    <subfield code="n">10</subfield>
    <subfield code="9">49431</subfield>
  </datafield>
  <datafield tag="952" ind1=" " ind2=" ">
    <subfield code="0">0</subfield>
    <subfield code="1">0</subfield>
    <subfield code="5">0</subfield>
    <subfield code="7">1</subfield>
    <subfield code="8">MO</subfield>
    <subfield code="a">GR</subfield>
    <subfield code="b">GR</subfield>
    <subfield code="c">CT</subfield>
    <subfield code="d">2011-01-18</subfield>
    <subfield code="i">LF1</subfield>
    <subfield code="l">0</subfield>
    <subfield code="o">xxxx O14e</subfield>
    <subfield code="p">24055-10</subfield>
    <subfield code="r">2020-06-25</subfield>
    <subfield code="w">2020-06-25</subfield>
    <subfield code="y">1</subfield>
    <subfield code="Z">No se presta</subfield>
  </datafield>
  <datafield tag="999" ind1=" " ind2=" ">
    <subfield code="c">23550</subfield>
    <subfield code="d">23550</subfield>
  </datafield>
</record>
